000 00641nam a2200229Ia 4500
003 OSt
005 20221007071129.0
006 a|||||r|||| 00| 0
007 ta
008 221006b |||||||| |||| 00| 0 eng d
024 _a30,198
037 _cTextual
040 _aFLL
_cFLL
_beng
041 _2eng
_aeng
082 _aZ1:17z7, K6
100 _aPelt Adrian
_9688192
245 0 _aLegal principles governing friendly relations and co-operation among states
260 _aLeyden
_bA.W. Sijthoff Leyden
_c1966
300 _a152p
_ccm.
942 _hZ1:17z7, K6
_cTEXL
_2CC
999 _c1142524
_d1142524